| 000 | 00439nam a22001577a 4500 | ||
|---|---|---|---|
| 005 | 20250123162127.0 | ||
| 008 | 250123b |||||||| |||| 00| 0 eng d | ||
| 020 | _a9964877986 | ||
| 050 |
_aBR 128.A16 OLO _b1 |
||
| 100 | _aOlowola, Cornelius | ||
| 245 |
_aAfrican traditional religion and christian faith: _bTheological perspectives in Africa,no 4 |
||
| 260 |
_aAccra _bACP _c1993 |
||
| 300 | _a65p | ||
| 500 | _aBib. | ||
| 942 |
_2lcc _cBK _n0 |
||
| 999 |
_c2949 _d2949 |
||